000 01344nam a22001577a 4500
999 _c518511
_d518511
008 210928b ||||| |||| 00| 0 eng d
100 _aDinesh, Sindhu
_929578
245 _aStrategic salience of the gwadar port: an analytical study
260 _aJournal of Defiance Studies
300 _a15(1), Jan-Mar, 2021: p.53-78
520 _aGwadar Port has gained currency in the light of recent international developments that are increasingly focused on maritime-related economic activities. It has become an important reference point for people discussing the geopolitics and geo-economics of the South Asian region. The article explores in detail the strategic salience of Gwadar against the backdrop of the ongoing Baloch insurgency, the current activities being undertaken at Gwadar, the strategic outlook of Pakistan and China on the port and the implications it holds for China–Pakistan ties. Gwadar Port holds strategic significance due to its prime location and the massive investments by China to provide world-class facilities of docking at the port. The port has increased the existing economic and strategic interdependence between China and Pakistan. – Reproduced
650 _aGwadar Port, Pakistan, China
_929579
773 _aJournal of Defiance Studies
906 _aPAKISTAN - FOREIGN RELATIONS - CHINA
942 _cAR